| 000 | 01225ngm a22003370a 4500 | ||
|---|---|---|---|
| 001 | PT42242 | ||
| 003 | AR-LpoUNG | ||
| 005 | 20210201235926.0 | ||
| 007 | vd cvaizq | ||
| 008 | 191001s2010||||ag |||||||||||||||||spa d | ||
| 037 | _c$7.50 | ||
| 040 |
_aAR-LpoUNG _bspa _cAR-LpoUNG _eaacr |
||
| 041 |
_aspa _aeng |
||
| 044 | _aag | ||
| 082 | 0 | _a808.068 222mad | |
| 100 | 1 |
_aDarnell, Eric _edir. |
|
| 245 | 1 | 0 | _aMadagascar |
| 260 |
_aBuenos Aires : _bAVH, _c2010. |
||
| 300 | _aDVD (86 min.) : son., col. | ||
| 505 | 0 | _aHecha en 2005. - Incluye Los pingüinos de Madagascar en una misión navideña. - Doblaje original/español: Ben Stiller/Paco León (Alex el león), Chris Rock/Alexis Valdés (Marty la cebra), David Schwimmer/Gonzalo de Castro (Melman la jirafa) | |
| 520 | _aCuatro animales mimados del Zoológico del Central Park de Nueva York naufragan accidentalmente en la exótica isla de Madagascar, descubren que VERDADERAMENTE estan en la selva! | ||
| 651 | 4 | _aDOCUMENTOS TEORICOS O METODOLOGICOS | |
| 653 | _aCINE | ||
| 653 | _aDVD | ||
| 653 | _aVIDEOS | ||
| 653 | _aVIDEOS INFANTILES | ||
| 700 | 1 |
_aMcGrath, Tom _edir. |
|
| 710 | 2 | _aDreamworks (California) | |
| 905 | _a42242 | ||
| 942 | _cDVD | ||
| 999 |
_c53784 _d53784 |
||